00677nam a2200241 a 4500001001300000003000900013005001700022008004100039020000900080082001300089100002100102245003100123260003000154300000900184500003500193505001000228650003400238700002100272902000800293942000700301952011200308999001500420nice12345678IN_TiNIC20260116012929.0050524s1986 u sa grp 000 0 eng  ac1000a232bYOU aYoussef, Michael aLeadership Style of Jesus. aU S AbVictor Booksc1986 a168p aincludes index and biblioraphy2 aIndex aJesus Christ-Political Person1 aYoussef, Michael bSRS cBK 001040708StackRoom-aHMIbHMId2009-07-14g10.00l0o232 YOUp013674r2009-07-14v10.00w2005-05-24yBK c8937d8937